000
00281nam a2200109Ia 4500
008
190914s9999||||xx |||||||||||||| ||und||
100
_a
Dr. Asrar H. Siddiqi
245
0
_a
Practice And Law of Banking In Pakistan
260
_a
Karachi
_b
Royal Book
_c
273
300
_a
2004
942
_c
BK
999
_c
9824
_d
9824